000 00658cab a2200217 4500
001 WB2720-41
008 090401t1991 xxu||||| |||| 00| 0 eng d
035 _a(Sirsi) u10043
041 _aeng
245 _aNew drilling licence round
260 _c1991
350 _a0
490 _aFinancial Times
_v21/5/91 p7
520 _aThe Energy Minister has announced the fourth landward licensing round where companies are invited to apply for licenses to explore for oil and gas on land and in some near-shore waters .
650 _aDRILLING
650 _aMINERAL EXTRACTION
650 _aMINERAL
690 _aLAND
942 _n0
948 _c04/03/1997
999 _c6311
_d6311